ঊনসত্তরের শহীদ ডক্টর শামসুজ্জোহা / (Record no. 55607)
[ view plain ]
| 000 -LEADER | |
|---|---|
| fixed length control field | 01198nam a2200253 a 4500 |
| 001 - CONTROL NUMBER | |
| control field | 55607 |
| 003 - CONTROL NUMBER IDENTIFIER | |
| rucl marc code | BD-RjUL |
| 005 - DATE AND TIME OF LATEST TRANSACTION | |
| control field | 20211209080305.0 |
| 008 - FIXED-LENGTH DATA ELEMENTS--GENERAL INFORMATION | |
| fixed length control field | 161120s1993 bg ||||| |||| 00| 0 ben d |
| 020 ## - INTERNATIONAL STANDARD BOOK NUMBER | |
| International Standard Book Number | 9844650224 |
| Terms of availability | : Tk 50.00 |
| 035 ## - SYSTEM CONTROL NUMBER | |
| System control number | (BD-RjUL)55730 |
| 040 ## - CATALOGING SOURCE | |
| Original cataloging agency | BD-RjUL |
| Language of cataloging | ben |
| Transcribing agency | BD-RjUL |
| Modifying agency | BD-RjUL |
| 041 ## - LANGUAGE CODE | |
| Language code of text/sound track or separate title | ben |
| 082 ## - DEWEY DECIMAL CLASSIFICATION NUMBER | |
| Edition number | 23 |
| Classification number | 370.92 |
| Author mark and year | UNA 1993 |
| 245 00 - TITLE STATEMENT | |
| Title | ঊনসত্তরের শহীদ ডক্টর শামসুজ্জোহা / |
| Statement of responsibility, etc. | মনসুর আহমদ খান, সম্পাদিত |
| 260 ## - PUBLICATION, DISTRIBUTION, ETC. (IMPRINT) | |
| Place of publication, distribution, etc. | ঢাকা : |
| Name of publisher, distributor, etc. | সাহিত্য প্রকাশ, |
| Date of publication, distribution, etc. | ১৯৯৩ |
| 300 ## - PHYSICAL DESCRIPTION | |
| Pagination | ৯৩, [১] পৃ. ; |
| Size | ২১ সেমি . |
| 600 ## - SUBJECT ADDED ENTRY--PERSONAL NAME | |
| Personal name | শামসুজ্জোহা, মোহাম্মদ |
| General subdivision | শিক্ষাবিদ |
| Geographic subdivision | বাংলাদেশ |
| General subdivision | জীবনী |
| Personal name | Shamsuzzoha, Muhammad |
| General subdivision | Educator |
| Geographic subdivision | Bangladesh |
| General subdivision | Biography |
| 650 ## - SUBJECT ADDED ENTRY--TOPICAL TERM | |
| Topical term or geographic name as entry element | শিক্ষাবিদ |
| Geographic subdivision | বাংলাদেশ |
| General subdivision | জীবনী |
| 9 (RLIN) | 239996 |
| Topical term or geographic name as entry element | Educators |
| Geographic subdivision | Bangladesh |
| General subdivision | Biography |
| 9 (RLIN) | 239997 |
| 700 ## - ADDED ENTRY--PERSONAL NAME | |
| Personal name | খান, মনসুর আহমদ, সম্পাদক |
| 942 ## - ADDED ENTRY ELEMENTS (KOHA) | |
| Source of classification or shelving scheme | Dewey Decimal Classification |
| Koha item type | Books |
| Lost status | Source of classification or shelving scheme | Damaged status | Not for loan | Collection code | Permanent Location | Current Location | Shelving location | Date acquired | Source of acquisition | Cost, normal purchase price | Total Checkouts | Full call number | Date last seen | Date checked out | Copy number | Koha item type |
|---|---|---|---|---|---|---|---|---|---|---|---|---|---|---|---|---|
| Dewey Decimal Classification | Non-fiction | Central Library, University of Rajshahi | Central Library, University of Rajshahi | 12/04/1993 | Monsur Ahmed Khan, ed. | 50.00 | 1 | B 370.92 UNA 1993 | 02/02/2020 | 15/01/2020 | C-2 | Books | ||||
| Dewey Decimal Classification | Not For Loan | Rare Books | Central Library, University of Rajshahi | Central Library, University of Rajshahi | Rare Book Section | 12/04/1993 | Monsur Ahmed Khan, ed. | 50.00 | BRA 370.92 UNA 1993 | 27/02/2020 | C-1 | Rare Books |